[Event "45th FIDE Chess Olympiad Open"]
[Site "Budapest, Hungary"]
[Date "2024.09.20"]
[Round "9"]
[White "Ayyad, Maher"]
[Black "McCoy, Tom"]
[Result "1-0"]
[Board "302"]
[WhiteFideId "11200235"]
[BlackFideId "9100229"]
[WhiteTitle "FM"]
[BlackTitle "CM"]
[WhiteElo "1980"]
[BlackElo "1883"]
[WhiteTeam "Bahrain"]
[BlackTeam "Papua New Guinea"]
[WhiteClock "0:51:13"]
[BlackClock "0:13:35"]
[Variant "Standard"]

1. d4 {[%clk 1:30:57]}  d5 {[%clk 1:30:56]} 2. Nf3 {[%clk 1:31:24]}  Nf6 {[%clk 1:31:21]} 3. Bf4 {[%clk 1:31:50]}  Bf5 {[%clk 1:31:44]} 4. e3 {[%clk 1:31:30]}  e6 {[%clk 1:32:09]} 5. Ne5 {[%clk 1:31:57]}  Nfd7 {[%clk 1:31:59]} 6. c3 {[%clk 1:31:32]}  Nxe5 {[%clk 1:31:22]} 7. Bxe5 {[%clk 1:31:40]}  Nd7 {[%clk 1:31:08]} 8. Bg3 {[%clk 1:32:04]}  Bd6 {[%clk 1:28:54]} 9. Bd3 {[%clk 1:32:11]}  Bg6 {[%clk 1:24:33]} 10. O-O {[%clk 1:32:09]}  Qe7 {[%clk 1:22:16]} 11. c4 {[%clk 1:32:11]}  c6 {[%clk 1:09:44]} 12. Nc3 {[%clk 1:32:33]}  O-O {[%clk 1:07:35]} 13. f4 {[%clk 1:32:22]}  dxc4 {[%clk 1:03:17]} 14. Bxc4 {[%clk 1:32:46]}  Nb6 {[%clk 1:03:38]} 15. Bb3 {[%clk 1:31:29]}  Nd5 {[%clk 1:03:22]} 16. Qe2 {[%clk 1:31:40]}  f5 {[%clk 0:57:38]} 17. Qf2 {[%clk 1:31:03]}  Bf7 {[%clk 0:50:53]} 18. Qf3 {[%clk 1:29:28]}  Rad8 {[%clk 0:47:06]} 19. e4 {[%clk 1:24:45]}  fxe4 {[%clk 0:43:37]} 20. Nxe4 {[%clk 1:24:19]}  Bc7 {[%clk 0:43:32]} 21. Rae1 {[%clk 1:15:58]}  Bb6 {[%clk 0:42:46]} 22. Bf2 {[%clk 1:16:16]}  Qb4 {[%clk 0:41:29]} 23. Nc5 {[%clk 1:15:03]}  Bc7 {[%clk 0:36:53]} 24. g3 {[%clk 1:15:05]}  Rfe8 {[%clk 0:36:28]} 25. Re2 {[%clk 1:13:23]}  Bd6 {[%clk 0:32:15]} 26. Rfe1 {[%clk 1:13:38]}  Bxc5 {[%clk 0:32:20]} 27. dxc5 {[%clk 1:14:06]}  Qa5 {[%clk 0:27:11]} 28. Re5 {[%clk 1:08:18]}  Nb4 {[%clk 0:25:45]} 29. Qc3 {[%clk 1:06:23]}  Rd3 {[%clk 0:25:27]} 30. Qc4 {[%clk 1:04:03]}  Rd2 {[%clk 0:23:41]} 31. Rxe6 {[%clk 1:01:47]}  Rf8 {[%clk 0:23:39]} 32. R1e4 {[%clk 0:56:06]}  Nd3 {[%clk 0:13:31]} 33. Re8 {[%clk 0:56:16]}  Qc7 {[%clk 0:13:55]} 34. Qc3 {[%clk 0:51:36]}  Nxf2 {[%clk 0:13:48]} 35. R4e7 {[%clk 0:50:57]}  Rd7 {[%clk 0:13:35]} 36. Bxf7+ {[%clk 0:51:13]} 1-0

[Event "45th FIDE Chess Olympiad Open"]
[Site "Budapest, Hungary"]
[Date "2024.09.20"]
[Round "9"]
[White "Jones, Rupert"]
[Black "Monther, Alfardan"]
[Result "0-1"]
[Board "303"]
[WhiteFideId "9100121"]
[BlackFideId "11204265"]
[WhiteTitle "FM"]
[WhiteElo "1849"]
[BlackElo "1834"]
[WhiteTeam "Papua New Guinea"]
[BlackTeam "Bahrain"]
[WhiteClock "0:04:56"]
[BlackClock "0:03:36"]
[Variant "Standard"]

1. e4 {[%clk 1:30:58]}  e5 {[%clk 1:30:55]} 2. Nf3 {[%clk 1:31:20]}  Nc6 {[%clk 1:31:18]} 3. Bb5 {[%clk 1:31:36]}  Nge7 {[%clk 1:31:39]} 4. O-O {[%clk 1:31:10]}  g6 {[%clk 1:32:03]} 5. c3 {[%clk 1:30:18]}  Bg7 {[%clk 1:32:11]} 6. d3 {[%clk 1:27:49]}  O-O {[%clk 1:32:10]} 7. Nbd2 {[%clk 1:27:48]}  a6 {[%clk 1:28:23]} 8. Ba4 {[%clk 1:28:01]}  b5 {[%clk 1:28:35]} 9. Bc2 {[%clk 1:27:54]}  b4 {[%clk 1:23:04]} 10. Re1 {[%clk 1:27:48]}  a5 {[%clk 1:22:42]} 11. Nf1 {[%clk 1:27:33]}  d6 {[%clk 1:19:14]} 12. Ne3 {[%clk 1:18:44]}  Kh8 {[%clk 1:18:31]} 13. d4 {[%clk 1:14:57]}  exd4 {[%clk 1:18:27]} 14. cxd4 {[%clk 1:15:23]}  Rb8 {[%clk 1:04:49]} 15. Bb3 {[%clk 1:13:41]}  h6 {[%clk 1:02:16]} 16. h3 {[%clk 1:07:37]}  f5 {[%clk 0:56:18]} 17. exf5 {[%clk 0:57:45]}  Nxf5 {[%clk 0:55:30]} 18. Nxf5 {[%clk 0:50:27]}  Bxf5 {[%clk 0:54:39]} 19. g4 {[%clk 0:49:32]}  Bd7 {[%clk 0:51:33]} 20. d5 {[%clk 0:44:19]}  Ne5 {[%clk 0:42:14]} 21. Nxe5 {[%clk 0:43:09]}  dxe5 {[%clk 0:40:13]} 22. Be3 {[%clk 0:40:40]}  Qh4 {[%clk 0:39:15]} 23. Kh2 {[%clk 0:35:47]}  e4 {[%clk 0:37:35]} 24. Bd4 {[%clk 0:29:04]}  Rf3 {[%clk 0:28:19]} 25. Bxg7+ {[%clk 0:21:42]}  Kxg7 {[%clk 0:27:51]} 26. Qd4+ {[%clk 0:22:00]}  Kh7 {[%clk 0:26:47]} 27. Kg1 {[%clk 0:20:27]}  Rbf8 {[%clk 0:17:32]} 28. Rxe4 {[%clk 0:14:33]}  Rxf2 {[%clk 0:15:57]} 29. Qe3 {[%clk 0:13:23]}  Bb5 {[%clk 0:09:01]} 30. Re7+ {[%clk 0:13:17]}  Kh8 {[%clk 0:07:26]} 31. Qe5+ {[%clk 0:13:25]}  R8f6 {[%clk 0:05:42]} 32. Re1 {[%clk 0:10:49]}  Qxh3 {[%clk 0:04:06]} 33. Re8+ {[%clk 0:04:39]}  Bxe8 {[%clk 0:04:25]} 34. Qxe8+ {[%clk 0:05:07]}  Rf8 {[%clk 0:03:25]} 35. Qe5+ {[%clk 0:05:10]}  R2f6 {[%clk 0:03:24]} 36. Qd4 {[%clk 0:04:56]}  Qg3+ {[%clk 0:03:36]} 0-1

[Event "45th FIDE Chess Olympiad Open"]
[Site "Budapest, Hungary"]
[Date "2024.09.20"]
[Round "9"]
[White "Hasford, John Kojo"]
[Black "De Mey, Juan Pablo"]
[Result "1/2-1/2"]
[Board "305"]
[WhiteFideId "12600083"]
[BlackFideId "15900312"]
[WhiteTitle "FM"]
[BlackTitle "FM"]
[WhiteElo "1956"]
[BlackElo "1992"]
[WhiteTeam "Ghana"]
[BlackTeam "Aruba"]
[WhiteClock "0:35:42"]
[BlackClock "0:09:45"]
[Variant "Standard"]

1. d4 {[%clk 1:30:54]}  d5 {[%clk 1:30:54]} 2. Nf3 {[%clk 1:31:10]}  e6 {[%clk 1:31:21]} 3. c4 {[%clk 1:31:13]}  Nf6 {[%clk 1:31:46]} 4. Nc3 {[%clk 1:31:07]}  dxc4 {[%clk 1:32:07]} 5. Bg5 {[%clk 1:30:19]}  c5 {[%clk 1:31:01]} 6. e3 {[%clk 1:30:13]}  Nc6 {[%clk 1:21:51]} 7. Bxc4 {[%clk 1:30:26]}  cxd4 {[%clk 1:18:15]} 8. exd4 {[%clk 1:30:42]}  Be7 {[%clk 1:18:28]} 9. O-O {[%clk 1:30:11]}  O-O {[%clk 1:18:53]} 10. Qd2 {[%clk 1:29:48]}  b6 {[%clk 1:05:48]} 11. Rad1 {[%clk 1:29:12]}  Bb7 {[%clk 1:04:15]} 12. Qe2 {[%clk 1:26:14]}  Nd5 {[%clk 0:41:48]} 13. Bc1 {[%clk 1:20:47]}  Ncb4 {[%clk 0:34:47]} 14. Ne4 {[%clk 1:19:02]}  Rc8 {[%clk 0:34:56]} 15. a3 {[%clk 1:16:26]}  Rxc4 {[%clk 0:35:02]} 16. Qxc4 {[%clk 1:15:31]}  Ba6 {[%clk 0:35:27]} 17. Qb3 {[%clk 1:14:30]}  Bxf1 {[%clk 0:35:51]} 18. Kxf1 {[%clk 1:13:59]}  Nc6 {[%clk 0:36:15]} 19. Qd3 {[%clk 1:12:11]}  f6 {[%clk 0:34:15]} 20. b4 {[%clk 1:12:02]}  Qd7 {[%clk 0:34:16]} 21. Bd2 {[%clk 1:09:24]}  Rc8 {[%clk 0:31:24]} 22. Kg1 {[%clk 1:07:00]}  Nd8 {[%clk 0:31:23]} 23. g3 {[%clk 1:05:45]}  Nf7 {[%clk 0:31:25]} 24. Kg2 {[%clk 1:00:07]}  g5 {[%clk 0:28:05]} 25. Kg1 {[%clk 0:56:31]}  g4 {[%clk 0:25:10]} 26. Ne1 {[%clk 0:56:22]}  f5 {[%clk 0:25:16]} 27. Nc3 {[%clk 0:56:35]}  h5 {[%clk 0:16:20]} 28. Ng2 {[%clk 0:55:16]}  Nf6 {[%clk 0:05:25]} 29. Bf4 {[%clk 0:54:47]}  Rd8 {[%clk 0:05:34]} 30. Qb5 {[%clk 0:52:22]}  Qb7 {[%clk 0:03:40]} 31. Qe2 {[%clk 0:48:31]}  Rc8 {[%clk 0:03:17]} 32. Qd2 {[%clk 0:43:37]}  Qf3 {[%clk 0:02:45]} 33. Rc1 {[%clk 0:41:42]}  Nh7 {[%clk 0:03:10]} 34. Ne1 {[%clk 0:40:24]}  Qb7 {[%clk 0:03:23]} 35. Ne2 {[%clk 0:31:33]}  Rxc1 {[%clk 0:02:50]} 36. Qxc1 {[%clk 0:31:51]}  Nhg5 {[%clk 0:03:05]} 37. Bxg5 {[%clk 0:32:03]}  Nxg5 {[%clk 0:03:24]} 38. Nf4 {[%clk 0:31:59]}  Kf7 {[%clk 0:00:51]} 39. Qe3 {[%clk 0:30:45]}  Qc6 {[%clk 0:00:39]} 40. h4 {[%clk 0:29:58]}  gxh3 {[%clk 0:00:44]} 41. Kh2 {[%clk 0:29:39]}  a5 {[%clk 0:15:13]} 42. bxa5 {[%clk 0:58:54]}  bxa5 {[%clk 0:15:31]} 43. Nxh5 {[%clk 0:56:14]}  Qe4 {[%clk 0:12:14]} 44. Qxe4 {[%clk 0:49:56]}  Nxe4 {[%clk 0:12:33]} 45. f3 {[%clk 0:49:46]}  Nd2 {[%clk 0:12:59]} 46. a4 {[%clk 0:49:41]}  Nb3 {[%clk 0:11:43]} 47. Nc2 {[%clk 0:47:58]}  Nd2 {[%clk 0:12:07]} 48. Kxh3 {[%clk 0:37:11]}  Nxf3 {[%clk 0:12:26]} 49. Kg2 {[%clk 0:37:16]}  Nd2 {[%clk 0:12:23]} 50. Nf4 {[%clk 0:36:16]}  Ne4 {[%clk 0:11:47]} 51. Ne2 {[%clk 0:35:42]}  Ke8 {[%clk 0:09:45]} 1/2-1/2

[Event "45th FIDE Chess Olympiad Open"]
[Site "Budapest, Hungary"]
[Date "2024.09.20"]
[Round "9"]
[White "Stetsenko, Ilya"]
[Black "Anquandah, Francis Eric"]
[Result "1-0"]
[Board "306"]
[WhiteFideId "15900762"]
[BlackFideId "12600148"]
[BlackTitle "IM"]
[WhiteElo "1903"]
[BlackElo "1941"]
[WhiteTeam "Aruba"]
[BlackTeam "Ghana"]
[WhiteClock "0:17:39"]
[BlackClock "0:15:46"]
[Variant "Standard"]

1. Nf3 {[%clk 1:30:44]}  d5 {[%clk 1:29:55]} 2. d4 {[%clk 1:30:28]}  Nf6 {[%clk 1:30:01]} 3. c4 {[%clk 1:30:48]}  c6 {[%clk 1:30:19]} 4. g3 {[%clk 1:29:32]}  e6 {[%clk 1:29:37]} 5. Bg2 {[%clk 1:29:47]}  Nbd7 {[%clk 1:28:10]} 6. Qc2 {[%clk 1:29:59]}  Be7 {[%clk 1:27:18]} 7. O-O {[%clk 1:30:24]}  O-O {[%clk 1:27:30]} 8. Nbd2 {[%clk 1:30:48]}  Re8 {[%clk 1:25:40]} 9. e4 {[%clk 1:30:55]}  Nxe4 {[%clk 1:25:05]} 10. Nxe4 {[%clk 1:31:22]}  dxe4 {[%clk 1:25:19]} 11. Qxe4 {[%clk 1:31:50]}  Nf6 {[%clk 1:14:27]} 12. Qe2 {[%clk 1:32:06]}  Bd6 {[%clk 1:12:23]} 13. Ne5 {[%clk 1:31:35]}  Qc7 {[%clk 1:10:35]} 14. Bf4 {[%clk 1:25:21]}  Nd7 {[%clk 1:05:55]} 15. c5 {[%clk 1:23:00]}  Bxe5 {[%clk 1:05:39]} 16. Bxe5 {[%clk 1:23:27]}  Nxe5 {[%clk 1:00:52]} 17. dxe5 {[%clk 1:23:51]}  b6 {[%clk 1:00:33]} 18. Rac1 {[%clk 1:05:32]}  Bb7 {[%clk 1:00:29]} 19. Rfd1 {[%clk 0:57:31]}  Rad8 {[%clk 1:00:19]} 20. Qe3 {[%clk 0:48:51]}  Rxd1+ {[%clk 0:58:28]} 21. Rxd1 {[%clk 0:43:37]}  Rd8 {[%clk 0:50:10]} 22. Rd6 {[%clk 0:43:44]}  Rxd6 {[%clk 0:28:03]} 23. exd6 {[%clk 0:42:40]}  Qd8 {[%clk 0:28:15]} 24. b4 {[%clk 0:42:54]}  b5 {[%clk 0:25:00]} 25. f4 {[%clk 0:33:57]}  Kf8 {[%clk 0:23:18]} 26. Qd3 {[%clk 0:22:15]}  g6 {[%clk 0:18:18]} 27. Qd4 {[%clk 0:17:57]}  Kg8 {[%clk 0:16:57]} 28. d7 {[%clk 0:17:17]}  Kf8 {[%clk 0:17:11]} 29. Qd6+ {[%clk 0:17:42]}  Kg7 {[%clk 0:17:16]} 30. Bxc6 {[%clk 0:17:00]}  Bxc6 {[%clk 0:17:21]} 31. Qxc6 {[%clk 0:17:28]}  Qf6 {[%clk 0:15:46]} 32. Qd6 {[%clk 0:17:39]} 1-0

[Event "45th FIDE Chess Olympiad Open"]
[Site "Budapest, Hungary"]
[Date "2024.09.20"]
[Round "9"]
[White "Anhwere, Bernard"]
[Black "Pesqueira, Jose"]
[Result "1/2-1/2"]
[Board "307"]
[WhiteFideId "12600580"]
[BlackFideId "15900037"]
[BlackTitle "CM"]
[WhiteElo "1893"]
[BlackElo "1880"]
[WhiteTeam "Ghana"]
[BlackTeam "Aruba"]
[WhiteClock "0:09:05"]
[BlackClock "0:06:43"]
[Variant "Standard"]

1. d4 {[%clk 1:30:54]}  Nf6 {[%clk 1:30:52]} 2. Nf3 {[%clk 1:31:14]}  g6 {[%clk 1:30:40]} 3. g3 {[%clk 1:31:13]}  Bg7 {[%clk 1:30:23]} 4. Bg2 {[%clk 1:31:28]}  d6 {[%clk 1:30:31]} 5. O-O {[%clk 1:31:10]}  Nbd7 {[%clk 1:28:56]} 6. c4 {[%clk 1:29:31]}  O-O {[%clk 1:28:46]} 7. Nc3 {[%clk 1:29:43]}  e5 {[%clk 1:26:30]} 8. dxe5 {[%clk 1:28:10]}  dxe5 {[%clk 1:26:30]} 9. Qb3 {[%clk 1:26:52]}  c6 {[%clk 1:25:08]} 10. Be3 {[%clk 1:24:55]}  Qc7 {[%clk 1:23:43]} 11. Rad1 {[%clk 1:23:10]}  h6 {[%clk 1:14:23]} 12. Qc2 {[%clk 1:19:41]}  Ng4 {[%clk 0:52:48]} 13. Bd2 {[%clk 1:18:32]}  Nc5 {[%clk 0:52:06]} 14. b4 {[%clk 1:14:19]}  Ne6 {[%clk 0:49:24]} 15. c5 {[%clk 1:08:39]}  Nf6 {[%clk 0:43:38]} 16. Na4 {[%clk 1:00:37]}  Rd8 {[%clk 0:21:38]} 17. e3 {[%clk 0:52:27]}  Ng5 {[%clk 0:18:44]} 18. Nxg5 {[%clk 0:42:11]}  hxg5 {[%clk 0:19:12]} 19. Nb2 {[%clk 0:41:38]}  Bg4 {[%clk 0:18:00]} 20. f3 {[%clk 0:38:24]}  Be6 {[%clk 0:18:27]} 21. Nc4 {[%clk 0:31:13]}  Bxc4 {[%clk 0:17:36]} 22. Qxc4 {[%clk 0:31:39]}  Rd7 {[%clk 0:17:14]} 23. Bh3 {[%clk 0:30:16]}  Rdd8 {[%clk 0:14:39]} 24. e4 {[%clk 0:27:24]}  Rd4 {[%clk 0:14:49]} 25. Qb3 {[%clk 0:26:56]}  g4 {[%clk 0:12:51]} 26. fxg4 {[%clk 0:22:08]}  Nxe4 {[%clk 0:12:48]} 27. Be3 {[%clk 0:21:09]}  Rxd1 {[%clk 0:12:35]} 28. Rxd1 {[%clk 0:21:29]}  Rd8 {[%clk 0:12:35]} 29. Bg2 {[%clk 0:20:55]}  Nf6 {[%clk 0:11:08]} 30. Bf3 {[%clk 0:18:34]}  e4 {[%clk 0:10:43]} 31. Bf4 {[%clk 0:15:55]}  Rxd1+ {[%clk 0:09:02]} 32. Qxd1 {[%clk 0:14:08]}  Qc8 {[%clk 0:07:43]} 33. Bg2 {[%clk 0:11:48]}  Qxg4 {[%clk 0:07:31]} 34. Qxg4 {[%clk 0:12:08]}  Nxg4 {[%clk 0:07:56]} 35. Bxe4 {[%clk 0:11:54]}  Bd4+ {[%clk 0:07:51]} 36. Kg2 {[%clk 0:11:42]}  f5 {[%clk 0:07:05]} 37. Bf3 {[%clk 0:10:09]}  Ne3+ {[%clk 0:06:51]} 38. Bxe3 {[%clk 0:09:05]}  Bxe3 {[%clk 0:06:43]} 1/2-1/2

[Event "45th FIDE Chess Olympiad Open"]
[Site "Budapest, Hungary"]
[Date "2024.09.20"]
[Round "9"]
[White "Antonio, Kyell-Jean"]
[Black "Fomevor, Cephas Clinton"]
[Result "1/2-1/2"]
[Board "308"]
[WhiteFideId "15900746"]
[BlackFideId "12601330"]
[WhiteElo "1763"]
[BlackElo "1873"]
[WhiteTeam "Aruba"]
[BlackTeam "Ghana"]
[WhiteClock "0:05:24"]
[BlackClock "0:09:37"]
[Variant "Standard"]

1. e4 {[%clk 1:30:58]}  c6 {[%clk 1:30:54]} 2. d4 {[%clk 1:31:26]}  d5 {[%clk 1:31:18]} 3. e5 {[%clk 1:31:53]}  c5 {[%clk 1:31:43]} 4. dxc5 {[%clk 1:32:21]}  e6 {[%clk 1:32:12]} 5. c4 {[%clk 1:20:09]}  Bxc5 {[%clk 1:26:05]} 6. a3 {[%clk 1:10:47]}  Nc6 {[%clk 1:23:21]} 7. Nf3 {[%clk 1:10:18]}  a5 {[%clk 1:13:30]} 8. Nc3 {[%clk 1:06:17]}  Nge7 {[%clk 1:09:52]} 9. Be2 {[%clk 1:00:20]}  O-O {[%clk 1:07:39]} 10. O-O {[%clk 1:00:34]}  dxc4 {[%clk 0:55:48]} 11. Qxd8 {[%clk 0:47:46]}  Rxd8 {[%clk 0:55:26]} 12. Bg5 {[%clk 0:47:21]}  h6 {[%clk 0:51:52]} 13. Bxe7 {[%clk 0:44:54]}  Bxe7 {[%clk 0:45:26]} 14. Bxc4 {[%clk 0:36:51]}  Nd4 {[%clk 0:34:14]} 15. Nxd4 {[%clk 0:35:08]}  Rxd4 {[%clk 0:34:37]} 16. Bb5 {[%clk 0:34:17]}  Rd2 {[%clk 0:31:55]} 17. Na4 {[%clk 0:19:13]}  b6 {[%clk 0:29:57]} 18. Rfd1 {[%clk 0:16:31]}  Rxd1+ {[%clk 0:23:54]} 19. Rxd1 {[%clk 0:17:00]}  Rb8 {[%clk 0:20:19]} 20. Rc1 {[%clk 0:15:21]}  Bb7 {[%clk 0:18:16]} 21. Rc7 {[%clk 0:12:40]}  Bd8 {[%clk 0:16:35]} 22. Rd7 {[%clk 0:12:50]}  Bd5 {[%clk 0:16:20]} 23. Nc3 {[%clk 0:12:16]}  Bb3 {[%clk 0:13:57]} 24. f4 {[%clk 0:09:19]}  Bc2 {[%clk 0:11:53]} 25. Ba6 {[%clk 0:08:07]}  Kf8 {[%clk 0:09:51]} 26. Bb5 {[%clk 0:05:42]}  Rc8 {[%clk 0:09:35]} 27. Ba6 {[%clk 0:05:20]}  Rb8 {[%clk 0:09:05]} 28. Bb5 {[%clk 0:05:49]}  Rc8 {[%clk 0:09:16]} 29. Ba6 {[%clk 0:06:17]}  Rb8 {[%clk 0:09:35]} 30. Bb5 {[%clk 0:05:24]}  Rc8 {[%clk 0:09:37]} 1/2-1/2

[Event "45th FIDE Chess Olympiad Open"]
[Site "Budapest, Hungary"]
[Date "2024.09.20"]
[Round "9"]
[White "Dlamini Simphiwe"]
[Black "Blackman, Justin"]
[Result "0-1"]
[Board "309"]
[WhiteFideId "20701217"]
[BlackFideId "11100516"]
[BlackTitle "FM"]
[WhiteElo "1747"]
[BlackElo "2265"]
[WhiteTeam "Eswatini"]
[BlackTeam "Barbados"]
[WhiteClock "0:02:37"]
[BlackClock "1:12:26"]
[Variant "Standard"]

1. e4 {[%clk 1:30:57]}  b6 {[%clk 1:30:56]} 2. g3 {[%clk 1:31:01]}  Bb7 {[%clk 1:31:21]} 3. Bg2 {[%clk 1:31:22]}  Nf6 {[%clk 1:31:37]} 4. d3 {[%clk 1:31:43]}  e6 {[%clk 1:31:54]} 5. Nf3 {[%clk 1:31:31]}  d5 {[%clk 1:32:16]} 6. e5 {[%clk 1:31:55]}  Nfd7 {[%clk 1:32:40]} 7. c3 {[%clk 1:31:36]}  c5 {[%clk 1:33:02]} 8. O-O {[%clk 1:31:01]}  Nc6 {[%clk 1:33:18]} 9. Re1 {[%clk 1:31:26]}  Be7 {[%clk 1:33:40]} 10. Nbd2 {[%clk 1:31:12]}  Qc7 {[%clk 1:33:55]} 11. Qe2 {[%clk 1:31:23]}  g5 {[%clk 1:33:55]} 12. Nb3 {[%clk 1:19:35]}  g4 {[%clk 1:33:48]} 13. Ng5 {[%clk 1:11:48]}  Qxe5 {[%clk 1:30:57]} 14. Qd2 {[%clk 0:59:27]}  Qf6 {[%clk 1:30:51]} 15. Qe2 {[%clk 0:40:30]}  h6 {[%clk 1:24:51]} 16. Nxe6 {[%clk 0:39:32]}  fxe6 {[%clk 1:23:33]} 17. Qxe6 {[%clk 0:39:38]}  Qxe6 {[%clk 1:23:52]} 18. Rxe6 {[%clk 0:40:01]}  Nf6 {[%clk 1:21:59]} 19. Bf4 {[%clk 0:36:03]}  Kd7 {[%clk 1:22:05]} 20. Rae1 {[%clk 0:36:08]}  Rae8 {[%clk 1:22:05]} 21. c4 {[%clk 0:34:57]}  Nd8 {[%clk 1:21:08]} 22. R6e2 {[%clk 0:31:57]}  d4 {[%clk 1:21:04]} 23. Nd2 {[%clk 0:29:49]}  Bxg2 {[%clk 1:21:18]} 24. Kxg2 {[%clk 0:30:11]}  Nh5 {[%clk 1:21:14]} 25. Be5 {[%clk 0:23:06]}  Bf6 {[%clk 1:19:41]} 26. h3 {[%clk 0:21:20]}  Nc6 {[%clk 1:17:15]} 27. f4 {[%clk 0:18:39]}  gxh3+ {[%clk 1:15:31]} 28. Kxh3 {[%clk 0:18:51]}  Nxe5 {[%clk 1:15:33]} 29. fxe5 {[%clk 0:18:17]}  Bg5 {[%clk 1:15:55]} 30. Nf3 {[%clk 0:10:27]}  Be3 {[%clk 1:16:09]} 31. b4 {[%clk 0:10:11]}  Rhg8 {[%clk 1:16:29]} 32. Rg2 {[%clk 0:09:46]}  Ref8 {[%clk 1:15:54]} 33. Nh2 {[%clk 0:03:19]}  Rf5 {[%clk 1:11:29]} 34. Ng4 {[%clk 0:02:56]}  Rfg5 {[%clk 1:11:41]} 35. Nf6+ {[%clk 0:02:12]}  Nxf6 {[%clk 1:12:01]} 36. exf6 {[%clk 0:02:37]}  Rh5# {[%clk 1:12:26]} 0-1

[Event "45th FIDE Chess Olympiad Open"]
[Site "Budapest, Hungary"]
[Date "2024.09.20"]
[Round "9"]
[White "Lynch, Kemp"]
[Black "Mbongeni, Mabuza"]
[Result "0-1"]
[Board "310"]
[WhiteFideId "11101377"]
[BlackFideId "20700113"]
[WhiteElo "1944"]
[BlackElo "1784"]
[WhiteTeam "Barbados"]
[BlackTeam "Eswatini"]
[WhiteClock "0:09:20"]
[BlackClock "0:24:35"]
[Variant "Standard"]

1. d4 {[%clk 1:30:57]}  Nf6 {[%clk 1:29:51]} 2. Nc3 {[%clk 1:31:19]}  d5 {[%clk 1:29:21]} 3. Bf4 {[%clk 1:31:40]}  e6 {[%clk 1:29:15]} 4. Nb5 {[%clk 1:31:11]}  Na6 {[%clk 1:29:25]} 5. e3 {[%clk 1:31:17]}  c6 {[%clk 1:29:49]} 6. Nc3 {[%clk 1:31:41]}  Nc7 {[%clk 1:30:08]} 7. Bd3 {[%clk 1:28:34]}  Bd6 {[%clk 1:30:31]} 8. Qf3 {[%clk 1:28:36]}  Qe7 {[%clk 1:19:23]} 9. Be5 {[%clk 1:26:43]}  Bxe5 {[%clk 1:17:54]} 10. dxe5 {[%clk 1:27:07]}  Nd7 {[%clk 1:18:19]} 11. Qg3 {[%clk 1:27:15]}  f5 {[%clk 1:16:22]} 12. exf6 {[%clk 1:24:54]}  Nxf6 {[%clk 1:16:47]} 13. Nf3 {[%clk 1:25:10]}  O-O {[%clk 1:13:50]} 14. Ne5 {[%clk 1:23:53]}  c5 {[%clk 1:12:13]} 15. O-O-O {[%clk 1:20:58]}  c4 {[%clk 1:12:23]} 16. Be2 {[%clk 1:21:14]}  b5 {[%clk 1:12:36]} 17. Bf3 {[%clk 1:15:08]}  Bb7 {[%clk 1:11:24]} 18. h4 {[%clk 1:10:07]}  a5 {[%clk 1:11:34]} 19. h5 {[%clk 1:08:28]}  Qe8 {[%clk 0:50:22]} 20. Ne2 {[%clk 1:03:13]}  c3 {[%clk 0:44:58]} 21. Nxc3 {[%clk 1:00:58]}  b4 {[%clk 0:45:21]} 22. Ne2 {[%clk 0:58:16]}  h6 {[%clk 0:39:12]} 23. Nf4 {[%clk 0:54:06]}  Qa4 {[%clk 0:37:06]} 24. Kb1 {[%clk 0:51:14]}  Rac8 {[%clk 0:37:13]} 25. Rd2 {[%clk 0:46:47]}  Rfe8 {[%clk 0:34:10]} 26. Qg6 {[%clk 0:25:16]}  Re7 {[%clk 0:33:58]} 27. Rh3 {[%clk 0:21:20]}  Nb5 {[%clk 0:32:12]} 28. Rg3 {[%clk 0:17:58]}  Nc3+ {[%clk 0:25:53]} 29. bxc3 {[%clk 0:18:13]}  bxc3 {[%clk 0:26:12]} 30. Qxf6 {[%clk 0:12:37]}  Qb4+ {[%clk 0:25:41]} 31. Kc1 {[%clk 0:10:18]}  cxd2+ {[%clk 0:25:45]} 32. Kd1 {[%clk 0:10:33]}  Qb1+ {[%clk 0:26:03]} 33. Kxd2 {[%clk 0:10:35]}  Rxc2+ {[%clk 0:25:15]} 34. Kd3 {[%clk 0:10:56]}  Ba6+ {[%clk 0:25:21]} 35. Kd4 {[%clk 0:09:20]}  Qb2# {[%clk 0:24:35]} 0-1

[Event "45th FIDE Chess Olympiad Open"]
[Site "Budapest, Hungary"]
[Date "2024.09.20"]
[Round "9"]
[White "Nxumalo, Vuyo"]
[Black "Corbin, Philip"]
[Result "1/2-1/2"]
[Board "311"]
[WhiteFideId "20700253"]
[BlackFideId "11100036"]
[BlackTitle "FM"]
[WhiteElo "1746"]
[BlackElo "1916"]
[WhiteTeam "Eswatini"]
[BlackTeam "Barbados"]
[WhiteClock "0:15:31"]
[BlackClock "0:30:32"]
[Variant "Standard"]

1. Nf3 {[%clk 1:29:33]}  f5 {[%clk 1:30:25]} 2. c4 {[%clk 1:28:07]}  Nf6 {[%clk 1:30:48]} 3. Nc3 {[%clk 1:28:17]}  e6 {[%clk 1:31:08]} 4. d4 {[%clk 1:28:30]}  Be7 {[%clk 1:31:06]} 5. g3 {[%clk 1:26:46]}  O-O {[%clk 1:31:27]} 6. Bg2 {[%clk 1:27:10]}  d6 {[%clk 1:31:45]} 7. O-O {[%clk 1:27:10]}  Qe8 {[%clk 1:31:59]} 8. Re1 {[%clk 1:23:09]}  Qg6 {[%clk 1:30:44]} 9. Qd3 {[%clk 1:19:55]}  Ne4 {[%clk 1:30:26]} 10. Nd2 {[%clk 1:18:10]}  Nxc3 {[%clk 1:26:12]} 11. bxc3 {[%clk 1:17:53]}  Nd7 {[%clk 1:18:45]} 12. e4 {[%clk 1:17:55]}  f4 {[%clk 1:19:00]} 13. Nf3 {[%clk 1:16:26]}  e5 {[%clk 1:12:48]} 14. dxe5 {[%clk 1:12:57]}  fxg3 {[%clk 1:08:19]} 15. fxg3 {[%clk 1:13:14]}  Nc5 {[%clk 1:04:07]} 16. Qd4 {[%clk 1:13:07]}  Bg4 {[%clk 1:03:50]} 17. exd6 {[%clk 1:11:45]}  cxd6 {[%clk 1:02:57]} 18. Qe3 {[%clk 1:05:37]}  Rae8 {[%clk 1:01:11]} 19. Nd4 {[%clk 1:02:46]}  h6 {[%clk 0:58:10]} 20. Kh1 {[%clk 1:01:11]}  Bg5 {[%clk 0:58:04]} 21. Qg1 {[%clk 1:00:07]}  Nxe4 {[%clk 0:52:52]} 22. Rxe4 {[%clk 0:59:37]}  Rxe4 {[%clk 0:52:35]} 23. Bxg5 {[%clk 0:59:56]}  hxg5 {[%clk 0:51:04]} 24. Bxe4 {[%clk 0:57:00]}  Qxe4+ {[%clk 0:51:32]} 25. Qg2 {[%clk 0:57:14]}  Qd3 {[%clk 0:50:28]} 26. h3 {[%clk 0:41:40]}  Qxc3 {[%clk 0:45:08]} 27. Rf1 {[%clk 0:38:01]}  Rxf1+ {[%clk 0:45:31]} 28. Qxf1 {[%clk 0:38:18]}  Qxd4 {[%clk 0:41:06]} 29. hxg4 {[%clk 0:38:32]}  Qxg4 {[%clk 0:41:26]} 30. Qd3 {[%clk 0:38:47]}  Qe6 {[%clk 0:41:13]} 31. Kg2 {[%clk 0:38:44]}  g4 {[%clk 0:41:12]} 32. a3 {[%clk 0:31:52]}  b6 {[%clk 0:41:16]} 33. Kg1 {[%clk 0:31:52]}  g6 {[%clk 0:40:53]} 34. Kg2 {[%clk 0:00:00]}  Kf7 {[%clk 0:40:17]} 35. Kh2 {[%clk 0:00:00]}  Qe5 {[%clk 0:38:07]} 36. Kg2 {[%clk 0:26:39]}  a6 {[%clk 0:35:15]} 37. Kh2 {[%clk 0:22:50]}  b5 {[%clk 0:33:25]} 38. cxb5 {[%clk 0:22:58]}  axb5 {[%clk 0:33:50]} 39. Qb3+ {[%clk 0:22:47]}  Kg7 {[%clk 0:32:16]} 40. Qd3 {[%clk 0:21:56]}  b4 {[%clk 0:32:00]} 41. axb4 {[%clk 0:20:17]}  Qb2+ {[%clk 0:32:23]} 42. Kg1 {[%clk 0:20:25]}  Qxb4 {[%clk 0:32:51]} 43. Kg2 {[%clk 0:19:45]}  Qb2+ {[%clk 0:33:09]} 44. Kg1 {[%clk 0:19:45]}  Qe5 {[%clk 0:33:09]} 45. Kg2 {[%clk 0:18:14]}  d5 {[%clk 0:34:06]} 46. Qa6 {[%clk 0:17:07]}  Qb2+ {[%clk 0:31:02]} 47. Kg1 {[%clk 0:17:10]}  Qc1+ {[%clk 0:31:11]} 48. Kg2 {[%clk 0:17:10]}  Qd2+ {[%clk 0:31:11]} 49. Kg1 {[%clk 0:17:23]}  Qd1+ {[%clk 0:31:21]} 50. Kg2 {[%clk 0:17:56]}  Qf3+ {[%clk 0:31:45]} 51. Kh2 {[%clk 0:17:51]}  Qf2+ {[%clk 0:31:18]} 52. Kh1 {[%clk 0:16:41]}  Qxg3 {[%clk 0:30:42]} 53. Qa1+ {[%clk 0:15:31]}  Kh7 {[%clk 0:30:32]} 54. Qh8+ {[%clk 0:15:31]} 1/2-1/2